Bilecik Bilecik Bilecik Bilecik Bilecik

Avrupa Birliğinde yoksullukla mücadele stratejileri ve Türkiye/ (Record no. 24614)

MARC details
000 -BAŞLIK
Sabit Uzunluktaki Kontrol Alanı 01158nam a22003617a 4500
001 - KONTROL NUMARASI
Control Dosyası 0024663
003 - KONTROL NUMARASI KİMLİĞİ
Kontrol Alanı KOHA_MİRAKIL
005 - EN SON İŞLEM TARİHİ ve ZAMANI
Kontrol Alanı 20260207002445.0
007 - FİZİKSEL TANIM SABİT ALAN - GENEL BİLGİ
Sabit uzunluklu kontrol alanı ta
008 - SABİT UZUNLUKTAKİ VERİ ÖGELERİ - GENEL BİLGİ
Sabit Alan 101112b2008 tu |||gr||||#||||0|tur |
020 ## - ISBN - ULUSLARARASI STANDART KİTAP NUMARASI
Isbn 9786053950691
Kullanılabilirlik koşulları 6,26
040 ## - KATALOGLAMA KAYNAĞI
Özgün Kataloglama Kurumu TR-BiSEU
Kataloglama Dili tur
Çeviri Kurumu TR-BiSEU
Açıklama Kuralları rda
041 0# - DİL KODU
Metin ya da ses kaydının dil kodu tur
044 ## - YAYINLAYAN/ÜRETEN KURULUŞUN ÜLKE KODU
ISO country code tu
050 ## - SINIFLAMA ve YER NUMARASI
Sınıflama Numarası HC495.I5
Yer Numarası C67 2008
100 1# - KİŞİ ADI
Yazar Adı (Kişi adı) Coşkun, Selim.
245 1# - ESER ADI BİLDİRİMİ
Başlık Avrupa Birliğinde yoksullukla mücadele stratejileri ve Türkiye/
Sorumluluk Bildirimi Selim Coşkun ; Selim Coşkun; Münir Tireli.
250 ## - BASIM BİLDİRİMİ
Basım Bildirimi 1.bs.
264 #1 - ÜRERİM, YAYIN, DAĞITIM ve TELİF BİLDİRİMİ
Yayın yeri Ankara :
Yayınlayan Nobel
Yayın tarihi 2008
300 ## - FİZİKSEL TANIMLAMA
Sayfa, Cilt vb. XIII, 200 sayfa; 25 cm.
336 ## - İÇERİK TÜRÜ
Content type term metin
Content type code txt
Source rdacontent
337 ## - MEDYA TÜRÜ
Media type term aracısız
Media type code n
Source rdamedia
338 ## - TAŞIYICI TÜRÜ
Carrier type term cilt
Carrier type code nc
Source rdacarrier
490 1# - DİZİ BİLDİRİMİ
Dizi Bildirimi Nobel yayın ;
Cilt Numarası 1273.
490 1# - DİZİ BİLDİRİMİ
Dizi Bildirimi İktisadi ve İdari bilimler ;
Cilt Numarası 208.
500 ## - GENEL NOT
Genel Not Kaynakça var.
650 #0 - KONU BAŞLIĞI EK GİRİŞ - KONU TERİMİ
Konusal terim veya coğrafi ad Income distribution--Turkey.
9 (RLIN) 9499
650 #0 - KONU BAŞLIĞI EK GİRİŞ - KONU TERİMİ
Konusal terim veya coğrafi ad Turkey--Economic conditions.
9 (RLIN) 8442
650 #0 - KONU BAŞLIĞI EK GİRİŞ - KONU TERİMİ
Konusal terim veya coğrafi ad Turkey--Foreign relations--European Union.
9 (RLIN) 19078
830 1# - SERİ EK GİRİŞİ - TEKBİÇİM ESER ADI
Tekbiçim Başlık Nobel yayın ;
Volume number/sequential designation 1273.
9 (RLIN) 1510
830 1# - SERİ EK GİRİŞİ - TEKBİÇİM ESER ADI
Tekbiçim Başlık İktisadi ve İdari bilimler ;
Volume number/sequential designation 208.
9 (RLIN) 50215
942 ## - EK GİRİŞ ÖGELERİ (KOHA)
Source of classification or shelving scheme Library of Congress Classification
Koha item type Book
Holdings
Materyal Türü Kalıcı Konum Mevcut Konum Raf Yeri Sınıflandırma Kaynağı Edinim Bilgisi Ana Konular Alt Konular Yer Numarası Demirbaş Numarası Fatura Tarihi Maliyet, Alış Fiyatı Maliyet, Yenileme Fiyatı Geri Çekilme Durumu Kayıp Durumu Hasarlı Durumu Kredi için değil Kayıt Tarih Toplam Ödünçverme Son Görülme Tarihi Son Kontrol Tarihi
Book Prof. Dr. Azmi Özcan Kütüphanesi Prof. Dr. Azmi Özcan Kütüphanesi Uluğbey Salonu Library of Congress Classification Satın SOSYAL BİLİMLER Ekonomi Tarihi ve Koşulları HC495.I5 C67 2008 0024663 15/12/2010 6.76 6.76         12/11/2010 3 05/12/2024 05/12/2024